[Event "FIN-chT 0708"]
[Site "Finland"]
[Date "2008.03.08"]
[Round "8.8"]
[White "Anttila, Perttu"]
[Black "Myller, Janne"]
[Result "1-0"]
[WhiteElo "2074"]
[BlackElo "2158"]
[PlyCount "119"]
[EventDate "2007.09.15"]
[EventType "team-tourn"]
[EventRounds "9"]
[EventCountry "FIN"]
[SourceTitle "EXT 2022"]
[Source "ChessBase"]
[SourceDate "2021.10.06"]
[SourceVersion "1"]
[SourceVersionDate "2021.10.06"]
[SourceQuality "1"]
[WhiteTeam "Vantaa EtVaS"]
[BlackTeam "Joensuu SK"]
[WhiteTeamCountry "FIN"]
[BlackTeamCountry "FIN"]

1. e4 c5 2. Nc3 d6 3. f4 g6 4. Bc4 Nc6 5. a3 Bg7 6. Nf3 Nf6 7. d3 0-0 8. 0-0 e6 9. Ba2 Nd4 10. Nxd4 cxd4 11. Ne2 Qb6 12. h3 Bd7 13. Kh2 Rac8 14. g4 Qc5 15. Bb1 Rfe8 16. Ng3 Bc6 17. Bd2 Qb6 18. Ra2 Nd7 19. h4 Qd8 20. g5 f5 21. c4 dxc3 22. Bxc3 Bxc3 23. bxc3 Nc5 24. Qd2 Qe7 25. Rb2 Qg7 26. h5 d5 27. e5 Kf7 28. Bc2 Rc7 29. Qe3 b6 30. Ne2 h6 31. d4 Ne4 32. Bxe4 dxe4 33. Ng3 Rh8 34. Kg2 hxg5 35. fxg5 gxh5 36. c4 Rg8 37. d5 Qxe5 38. Rbf2 Kg6 39. dxc6 Rxc6 40. Rh1 Rh8 41. Qe2 h4 42. Nf1 Rh5 43. Rh2 f4 44. Kh1 Rxg5 45. Rxh4 f3 46. Qxe4+ Qxe4 47. Rxe4 Rh5+ 48. Kg1 Rg5+ 49. Kh2 Rgc5 50. Ne3 Ra5 51. Rxf3 a6 52. Ng4 Rcc5 53. Rxe6+ Kg5 54. Nh6 Rxc4 55. Kg3 Kh5 56. Nf7 Rg4+ 57. Kf2 Rga4 58. Ne5 Kg5 59. Rg6+ Kh4 60. Rf5 1-0

[Event "FIN-chT 0708"]
[Site "Finland"]
[Date "2008.02.09"]
[Round "6.8"]
[White "Hintikka, Eero"]
[Black "Myller, Janne"]
[Result "1-0"]
[WhiteElo "2122"]
[BlackElo "2158"]
[PlyCount "89"]
[EventDate "2007.09.15"]
[EventType "team-tourn"]
[EventRounds "9"]
[EventCountry "FIN"]
[SourceTitle "EXT 2022"]
[Source "ChessBase"]
[SourceDate "2021.10.06"]
[SourceVersion "1"]
[SourceVersionDate "2021.10.06"]
[SourceQuality "1"]
[WhiteTeam "Jyvaskyla JyS"]
[BlackTeam "Joensuu SK"]
[WhiteTeamCountry "FIN"]
[BlackTeamCountry "FIN"]

1. e4 c5 2. Nf3 d6 3. d4 cxd4 4. Nxd4 Nf6 5. Nc3 a6 6. g3 g6 7. Bg2 Bg7 8. b3 0-0 9. Bb2 Bd7 10. 0-0 Nc6 11. Nd5 Ne8 12. Re1 e6 13. Ne3 Qf6 14. c3 Rc8 15. Qd2 g5 16. Nc4 Rd8 17. Rad1 Ne5 18. Nxe5 dxe5 19. Nf3 g4 20. Nh4 Qe7 21. Qc1 Bc6 22. Ba3 Qf6 23. h3 h5 24. hxg4 hxg4 25. Qe3 Nc7 26. Bxf8 Bxf8 27. Qe2 Bc5 28. Qxg4+ Kf8 29. Nf3 Nb5 30. Rxd8+ Qxd8 31. c4 Nc3 32. Ng5 Qd2 33. Rf1 Be7 34. Nh7+ Ke8 35. Qg8+ Kd7 36. Qxf7 Qh6 37. Re1 Kd8 38. Re3 Nxa2 39. Rd3+ Bd7 40. f4 Nc1 41. Rd2 Nxb3 42. Rd1 Nd4 43. Ng5 exf4 44. Rxd4 Qxg5 45. Qxe6 1-0

[Event "FIN-chT 0708"]
[Site "Finland"]
[Date "2007.11.18"]
[Round "5.7"]
[White "Tiitta, Sauli"]
[Black "Myller, Janne"]
[Result "1-0"]
[WhiteElo "2185"]
[BlackElo "2158"]
[PlyCount "65"]
[EventDate "2007.09.15"]
[EventType "team-tourn"]
[EventRounds "9"]
[EventCountry "FIN"]
[SourceTitle "EXT 2022"]
[Source "ChessBase"]
[SourceDate "2021.10.06"]
[SourceVersion "1"]
[SourceVersionDate "2021.10.06"]
[SourceQuality "1"]
[WhiteTeam "Helsinki Velhot"]
[BlackTeam "Joensuu SK"]
[WhiteTeamCountry "FIN"]
[BlackTeamCountry "FIN"]

1. e4 e5 2. Bc4 Nf6 3. d3 c6 4. Nf3 d5 5. Bb3 Bd6 6. Nc3 dxe4 7. Ng5 0-0 8. Ncxe4 Nxe4 9. Nxe4 Bb4+ 10. c3 Be7 11. 0-0 Bf5 12. Qf3 Bg6 13. Qg3 Nd7 14. f4 exf4 15. Bxf4 Nb6 16. Rae1 Bh4 17. Qf3 Bxe1 18. Rxe1 Nd5 19. Bg3 a5 20. Nc5 b6 21. Nb7 Qd7 22. Nd6 Nf6 23. a4 b5 24. h3 b4 25. Be5 Rad8 26. d4 Ne8 27. Ne4 Kh8 28. g4 Bxe4 29. Rxe4 Nc7 30. g5 Nd5 31. Rh4 f6 32. Rxh7+ Kg8 33. Qh5 1-0

[Event "FIN-chT 0708"]
[Site "Finland"]
[Date "2007.11.17"]
[Round "4.7"]
[White "Nieminen, Kari"]
[Black "Myller, Janne"]
[Result "1-0"]
[WhiteElo "2203"]
[BlackElo "2158"]
[PlyCount "85"]
[EventDate "2007.09.15"]
[EventType "team-tourn"]
[EventRounds "9"]
[EventCountry "FIN"]
[SourceTitle "EXT 2022"]
[Source "ChessBase"]
[SourceDate "2021.10.06"]
[SourceVersion "1"]
[SourceVersionDate "2021.10.06"]
[SourceQuality "1"]
[WhiteTeam "Espoo MatSK"]
[BlackTeam "Joensuu SK"]
[WhiteTeamCountry "FIN"]
[BlackTeamCountry "FIN"]

1. e4 e5 2. Nf3 Nc6 3. Bb5 a6 4. Ba4 Nf6 5. 0-0 Be7 6. Re1 b5 7. Bb3 d6 8. c3 0-0 9. h3 Bb7 10. d4 Re8 11. Ng5 Rf8 12. Nf3 Re8 13. Nbd2 Bf8 14. d5 Na5 15. Bc2 c6 16. b4 Nc4 17. Nxc4 bxc4 18. dxc6 Bxc6 19. Bg5 h6 20. Bxf6 Qxf6 21. Qe2 Qe6 22. a4 g6 23. Rad1 Rad8 24. Nh2 d5 25. exd5 Rxd5 26. Nf1 Bg7 27. Ne3 Rxd1 28. Rxd1 e4 29. Nxc4 Bxc3 30. Rd6 Qc8 31. Bb3 Kg7 32. Qc2 Bxb4 33. Nb6 Qf5 34. Rxc6 Rd8 35. Nc4 Be7 36. Ne3 Qa5 37. Qc3+ Qxc3 38. Rxc3 Rd3 39. Rxd3 exd3 40. Bc4 d2 41. Bxa6 Kf6 42. Bc4 Bc5 43. Nd1 1-0

[Event "FIN-chT 0708"]
[Site "Finland"]
[Date "2007.10.20"]
[Round "3.7"]
[White "Kiviaho, Allan"]
[Black "Myller, Janne"]
[Result "0-1"]
[WhiteElo "2215"]
[BlackElo "2158"]
[PlyCount "142"]
[EventDate "2007.09.15"]
[EventType "team-tourn"]
[EventRounds "9"]
[EventCountry "FIN"]
[SourceTitle "EXT 2022"]
[Source "ChessBase"]
[SourceDate "2021.10.06"]
[SourceVersion "1"]
[SourceVersionDate "2021.10.06"]
[SourceQuality "1"]
[WhiteTeam "Helsinki HSK"]
[BlackTeam "Joensuu SK"]
[WhiteTeamCountry "FIN"]
[BlackTeamCountry "FIN"]

1. d4 Nf6 2. c4 c5 3. d5 b5 4. Nf3 Bb7 5. Nc3 b4 6. Na4 d6 7. Qc2 g6 8. e4 Nbd7 9. b3 Bg7 10. Bb2 Qc7 11. g3 0-0 12. Bg2 e6 13. 0-0 exd5 14. exd5 Rae8 15. Rae1 Bc8 16. Rxe8 Rxe8 17. Re1 Rxe1+ 18. Nxe1 Ne5 19. Qe2 Bd7 20. Bxe5 dxe5 21. Nb2 Bf8 22. Ned3 Bd6 23. f3 Ne8 24. Nf2 f5 25. Nbd3 Nf6 26. Qb2 Kf7 27. Nh3 h6 28. f4 Ng4 29. Bf3 e4 30. Bxg4 fxg4 31. Qh8 exd3 32. Qh7+ Kf6 33. Qh8+ Ke7 34. Qg7+ Kd8 35. Nf2 Bf5 36. Qg8+ Kd7 37. Qf7+ Kc8 38. Qe8+ Kb7 39. Qb5+ Qb6 40. Qe8 a6 41. h3 h5 42. hxg4 hxg4 43. Qe3 d2 44. Qxd2 Qd8 45. Qd1 Qh8 46. Qe2 Bd7 47. Kg2 Qh5 48. Qe4 Qf5 49. Qe2 Kb6 50. Nd3 g5 51. Qe3 gxf4 52. gxf4 a5 53. Ne5 Qc2+ 54. Kg3 Bf5 55. Nxg4 Qd3 56. Qxd3 Bxd3 57. Ne5 Bb1 58. Nf7 Bf8 59. Ne5 Kc7 60. Nc6 a4 61. bxa4 Bxa2 62. Ne5 Bb1 63. Nf3 Bc2 64. Kf2 b3 65. Ke2 b2 66. Nd2 Bh6 67. Ke3 Bxa4 68. Kd3 Bxf4 69. Nb1 Be5 70. Na3 Be8 71. Ke4 Bd4 0-1

[Event "FIN-chT 0708"]
[Site "Finland"]
[Date "2007.09.16"]
[Round "2.7"]
[White "Myller, Janne"]
[Black "Hynninen, Juha"]
[Result "1-0"]
[WhiteElo "2158"]
[BlackElo "2137"]
[PlyCount "53"]
[EventDate "2007.09.15"]
[EventType "team-tourn"]
[EventRounds "9"]
[EventCountry "FIN"]
[SourceTitle "EXT 2022"]
[Source "ChessBase"]
[SourceDate "2021.10.06"]
[SourceVersion "1"]
[SourceVersionDate "2021.10.06"]
[SourceQuality "1"]
[WhiteTeam "Joensuu SK"]
[BlackTeam "Salo SK"]
[WhiteTeamCountry "FIN"]
[BlackTeamCountry "FIN"]

1. d4 d5 2. c4 Nc6 3. Nf3 Bg4 4. Nc3 e6 5. Bf4 Bxf3 6. gxf3 dxc4 7. e3 Bd6 8. Bg3 e5 9. dxe5 Nxe5 10. Bxc4 Nxc4 11. Qa4+ c6 12. Qxc4 Bxg3 13. hxg3 Nf6 14. Rd1 Qe7 15. g4 Rd8 16. Rxd8+ Qxd8 17. g5 Nd7 18. f4 0-0 19. Ke2 Qe7 20. Ne4 Kh8 21. Qd3 f5 22. gxf6 Nxf6 23. Ng5 h6 24. Nf3 Rd8 25. Qg6 Nd7 26. Ng5 Nf8 27. Nf7+ 1-0